| 000 | 00647nam a2200241Ia 4500 | ||
|---|---|---|---|
| 003 | OSt | ||
| 005 | 20221007082357.0 | ||
| 006 | a|||||r|||| 00| 0 | ||
| 007 | ta | ||
| 008 | 221006b |||||||| |||| 00| 0 eng d | ||
| 024 | _a10,965 | ||
| 037 | _cReference Collections | ||
| 040 |
_aFLL _cFLL _beng |
||
| 041 |
_2eng _aeng |
||
| 082 | _aX:93.2rN72, L7 | ||
| 110 | _aGovt. of india | ||
| 245 | 0 | _aReport on the working of the minimum wages act 1948 for the year 1972 | |
| 260 | _c1977 | ||
| 300 |
_a111p _ccm. |
||
| 700 | _aGovt. of india | ||
| 942 |
_hX:93.2rN72, L7 _cREF _2CC |
||
| 999 |
_c1166222 _d1166222 |
||